000 00864nam a2200217 a 4500
001 13170
003 BD-JhCC
005 20230716104505.0
008 230716s2018 bg |||| |||| 000 0 ben d
020 _a9789847764337
035 _a(BD-JhCC)13170
040 _aBD-JhCC
_dBD-JhCC
041 _aben
082 _a297
_bROH 2018
100 _aরহমান, প্রফেসর ড. আবুল বয়ান মুহাম্মদ ছিদ্দিকুর
245 _aতাসাউফ তরিকত উৎপত্তি ও ক্রমবিকাশ /
_cপ্রফেসর ড. আবুল বয়ান মুহাম্মদ ছিদ্দিকুর রহমান
260 _aঢাকা :
_bঐতিহ্য,
_c২০১৮
300 _a১৩২ পৃ. :
_c২১ সেমি.
650 _aislam
942 _2ddc
_cBK
999 _c13170
_d13170